00633cam a2200229 a 45000010009000000050017000090080041000260100017000670200022000840400018001060410008001240430012001320800017001440820021001611000007001821010008001892450081001975040051002789060045003299420012003749990017003861360532920171222081615.0040525s2005 mauab b 001 0 eng  a 2004107881 a0312412894 (pbk.) aDLCcDLCdDLC aeng an-us-ca a808.0427 MAA00a808.0427 MAA222 a46 aEDU00aCalifornia dreams and realities :c[compiled by] Sonia Maasik, Jack Solomon. aIncludes bibliographical references and index. a7bcbccorignewd3eepcnf20gy-gencatlg 2ddccBK c39351d39351